Statistics for #4 Random City to Country -Letter A

Click here to take the quiz!

General Stats

  • This quiz has been taken 83 times
  • The average score is 11 of 14

Answer Stats

Random A cityCountry% Correct
AthensGreece
99%
AmsterdamNetherlands
99%
Atlantic CityUnited States
99%
AlexandriaEgypt
97%
AucklandNew Zealand
97%
Abu DhabiUnited Arab Emirates
91%
Addis AbabaEthiopia
90%
AstanaKazakhstan
79%
AshgabatTurkmenistan
74%
AlmeriaSpain
69%
AllahabadIndia
68%
AdenYemen
68%
AlavusFinland
32%
AlajuelaCosta Rica
10%

Score Distribution

Percentile by Number Answered

Percent of People with Each Score

Your Score History

You have not taken this quiz